000 01524nam a22002657a 4500
001 49021
003 UA-OsUOA
005 20260429143002.0
007 ta
008 20070917b un ||un ao||| 00| 0 ukr dukr d
020 _a9666512718
040 _aUA-OsUOA
_bukr
_cUA-OsUOA
_dUA-OsUOA
041 _aukr
080 _a82.09
090 _a82.09
_bС46
100 _aСкупейко Л. І.
_925132
110 _aНаціональна Академія наук України
_bІнститут літератури ім. Т. Г. Шевченка
_92397
245 _aМіфопоетика "Лісової пісні" Лесі Українки
_cЛукаш Скупейко
260 _aК.
_bФенікс
_c2006
300 _a416 с.
520 _aУ монографії досліджується питання міфопоетики "Лісової пісні". На основі аналізу художньо-образної системи, композиції, хронотопу, основних мотивів автор пропонує оригінальне тлумачення драми-феєрії Лесі Українки. Залучено значний фольклорно-міфологічний, теоретико-літературний та текстологічний матеріал. Для науковців та широкого кола читачів.
650 7 _a82 Література. Літературознавство
_2UDC
_915
942 _cBK
_2udc
955 _a1
999 _c335129
_d335129